Distorted World Map #2 - Statistics

General Stats
  • This quiz has been taken 42 times
    15 since last reset
  • The average score is 6 of 12
Answers on the Map
Answers color-coded by a green-red scale on the quiz's map according to % correct below.
 
Answer Stats
Answer % Correct
Brazil has absorbed Uruguay
73%
Canada is missing Hudson Bay
73%
Uruguay has been absorbed by Brazil
73%
Iceland is misshapen
64%
Qatar is misshapen
64%
You found Jeppy!
55%
Moldova has a part missing
45%
Belize is missing
36%
Kenya has absorbed Lake Victoria
36%
Russia has a new lake
36%
Cape Verde's islands are gone
27%
Taiwan has been moved
27%
No matching quizzes found
Score Distribution
Percent of People with Each Score
Percentile by Number Answered
Your Score History
You have not taken this quiz since the last reset